[Event "FRA-chT3 0405"]
[Site "France"]
[Date "2004.12.05"]
[Round "4"]
[White "Chabradze, Elise"]
[Black "Gautier, Melissa"]
[Result "1-0"]
[WhiteElo "1750"]
[BlackElo "1399"]
[PlyCount "45"]
[EventDate "2004.10.10"]
[EventType "team"]
[EventRounds "9"]
[EventCountry "FRA"]
[SourceTitle "EXT 2007"]
[Source "ChessBase"]
[SourceDate "2006.11.23"]
[SourceVersion "1"]
[SourceVersionDate "2006.11.23"]
[SourceQuality "1"]

1. e4 e5 2. Nf3 Nc6 3. d4 d6 4. Bb5 Nf6 5. Nc3 Be6 6. d5 Bd7 7. dxc6 bxc6 8. Ba4 Be6 9. 0-0 Qd7 10. Re1 d5 11. Nxe5 Qe7 12. Bxc6+ Nd7 13. Nxd7 Bxd7 14. exd5 Rd8 15. Rxe7+ Bxe7 16. Bxd7+ Rxd7 17. Bf4 0-0 18. Qg4 Rdd8 19. Re1 f6 20. Rxe7 Rf7 21. Qe6 Rdf8 22. Rxc7 g6 23. Bd6 1-0

[Event "FRA-chT3 0405"]
[Site "France"]
[Date "2004.10.10"]
[Round "1"]
[White "Gautier, Melissa"]
[Black "Chanu, Estelle"]
[Result "1-0"]
[WhiteElo "1399"]
[BlackElo "1399"]
[PlyCount "48"]
[EventDate "2004.10.10"]
[EventType "team"]
[EventRounds "9"]
[EventCountry "FRA"]
[SourceTitle "EXT 2007"]
[Source "ChessBase"]
[SourceDate "2006.11.23"]
[SourceVersion "1"]
[SourceVersionDate "2006.11.23"]
[SourceQuality "1"]

1. Nf3 d5 2. d4 Nc6 3. Nc3 Nf6 4. Bf4 Bf5 5. e3 e6 6. Be2 Be7 7. 0-0 0-0 8. a3 a6 9. b4 b5 10. Qe1 Qe8 11. Rd1 Qd7 12. Ne5 Qd8 13. Nxc6 Bxc2 14. Nxd8 Bxd1 15. Bxd1 Raxd8 16. Bxc7 Rc8 17. Be5 Ra8 18. Ne2 Rfc8 19. Bxf6 Bxf6 20. f4 Bd8 21. Rf3 a5 22. f5 exf5 23. Qf2 g6 24. Nf4 Be7 1-0